000
00238nam a2200085 4500
999
_c
529048
_d
529048
082
_a
K782x54 C333p
245
_a
Public procurement: challenged and way forward, 2024
260
_a
New Delhi
_b
Central Vigilance Commision
_c
2024
300
_a
113p